Statistics for Formula One Teams 2020-2024

Click here to take the quiz!

General Stats

  • This quiz has been taken 95 times
    (17 since last reset)
  • The average score is 13 of 14

Answer Stats

HintAnswer% Correct
2020-2024Ferrari
100%
2020-2024Mercedes
100%
2020-2023AlphaTauri
94%
2021-2024Alpine
94%
2020-2024Haas
94%
2020-2024Red Bull
94%
2020-2024Williams
94%
2020-2023Alfa Romeo
88%
2020-2024McLaren
88%
2020Renault
88%
2024Sauber
88%
2021-2024Aston Martin
81%
2020Racing Point
81%
2024RB
81%

Score Distribution

Percentile by Number Answered

Percent of People with Each Score

Your Score History

You have not taken this quiz since the last reset